Origen i evolució de l'home / Diputació de Barcelona. Àrea de Cultura
Descripción Física:
206 p. : il., negre i col. ; 24 cm
Materias:
Home -- Origen
MARC
| LEADER | 00000nam a2200000Ia 4500 | ||
|---|---|---|---|
| 001 | 1611 | ||
| 008 | 160829s9999 xx 000 0 cat d | ||
| 080 | |a H-1-113 | ||
| 110 | 1 | |a Barcelona (Catalunya : Província). |b Àrea de Cultura |9 53536 | |
| 245 | |a Origen i evolució de l'home / Diputació de Barcelona. Àrea de Cultura | ||
| 260 | |a [Barcelona : |b Diputació de Barcelona. Gabinet de Publicacions, dl 1985] | ||
| 300 | |a 206 p. : |b il., negre i col. ; |c 24 cm | ||
| 590 | |a Catàleg de l'exposició que portava aquest nom. | ||
| 650 | |a Home |x Origen |9 20535 | ||
| 710 | 1 | |a Barcelona (Catalunya : Província). |b Gabinet de Publicacions |9 54950 | |
| 901 | |a Arxiu | ||
| 942 | |n 1 | ||
| 952 | |0 0 |1 0 |4 0 |6 H1113 |7 1 |9 41575 |a Arxiu |b Arxiu |d 2016-12-01 |l 0 |o H-1-113 |p 1611 |r 2016-12-01 00:00:00 |w 2016-12-01 |y ARXIU | ||
| 999 | |c 43465 |d 43465 | ||